000 00460nam a2200193Ia 4500
003 OSt
005 20220524165312.0
008 210210b1955 xxu||||| |||| 00| 0 eng d
040 _cAL
041 _aeng
082 _a493/1
100 _aMAO (Tun) Ed
_938888
245 _aChinese literature
260 _aChina
_bForeign Languages Publishing House
_c1955
650 _aChinese
_938889
690 _aLanguage
_938890
906 _a007069
942 _2ddc
_cBK
999 _c141109
_d141109